Палинология кайнозоя в Сибири: [сборник трудов]

Bibliografiske detaljer
Institution som forfatter: Академия наук СССР (АН СССР) Сибирское отделение (СО) Институт геологии и геофизики (ИГиГ)
Andre forfattere: Волкова В. С. Валентина Сергеевна (редактор)
Summary:В сборнике приведены новые материалы по палинологии и стратиграфии палеогеновых, неогеновых и четвертичных отложений Западной Сибири, Прибайкалья, Камчатки и севера Центрального Казахстана. Рассмотрены спорово-пыльцевые комплексы из пограничных слоев между мелом и палеогеном в связи с дискуссионностью вопроса о положении датского яруса в различных районах Союза, а также развитие ландшафтов в эпохи бокситообразования. Впервые приведены новые палинологические материалы из олигоценовых отложений бассейна Нижней Ангары. Сборник представляет интерес для стратиграфов, занимающихся изучением кайнозойских отложений, палинологов и палеогеографов.
Sprog:russisk
Udgivet: Новосибирск, Наука, 1975
Serier:Труды Института геологии и геофизики Вып. 245
Fag:
Format: Bog
KOHA link:https://koha.lib.tpu.ru/cgi-bin/koha/opac-detail.pl?biblionumber=377400

MARC

LEADER 00000nam0a2200000 4500
001 377400
005 20231102012918.0
035 |a (RuTPU)RU\TPU\retro\34851 
035 |a RU\TPU\book\363048 
090 |a 377400 
100 |a 20230306d1975 k y0rusy5003 ca 
101 0 |a rus 
102 |a RU 
105 |a a z 001zy 
200 1 |a Палинология кайнозоя в Сибири  |e [сборник трудов]  |f Академия наук СССР (АН СССР), Сибирское отделение (СО), Институт геологии и геофизики (ИГиГ) ; отв. ред. В. С. Волкова 
210 |a Новосибирск  |c Наука  |d 1975 
215 |a 104 с.  |c ил. 
225 1 |a Труды Института геологии и геофизики  |a Вып. 245 
320 |a Библиография в конце статей 
330 |a В сборнике приведены новые материалы по палинологии и стратиграфии палеогеновых, неогеновых и четвертичных отложений Западной Сибири, Прибайкалья, Камчатки и севера Центрального Казахстана. Рассмотрены спорово-пыльцевые комплексы из пограничных слоев между мелом и палеогеном в связи с дискуссионностью вопроса о положении датского яруса в различных районах Союза, а также развитие ландшафтов в эпохи бокситообразования. Впервые приведены новые палинологические материалы из олигоценовых отложений бассейна Нижней Ангары. Сборник представляет интерес для стратиграфов, занимающихся изучением кайнозойских отложений, палинологов и палеогеографов. 
606 1 |a Палинология  |2 stltpush  |3 (RuTPU)RU\TPU\subj\48038  |9 66920 
606 1 |a Кайнозойские отложения  |2 stltpush  |3 (RuTPU)RU\TPU\subj\13479  |9 40082 
610 1 |a Западная Сибирь 
610 1 |a Енисейский кряж 
610 1 |a палеогеновые отложения 
610 1 |a бокситоносность 
610 1 |a миоценовые отложения 
610 1 |a Центральный Казахстан 
675 |a 581  |z rus  |v 3 
675 |a 551.77  |z rus  |v 3 
702 1 |a Волкова  |b В. С.  |g Валентина Сергеевна  |4 340 
712 0 2 |a Академия наук СССР (АН СССР)  |b Сибирское отделение (СО)  |b Институт геологии и геофизики (ИГиГ)  |c (Новосибирск)  |2 stltpush  |3 (RuTPU)RU\TPU\col\128 
801 0 |a RU  |b 63413507  |c 19950704  |g psbo 
801 1 |a RU  |b 63413507  |c 20171006 
801 2 |a RU  |b 63413507  |c 20230306  |g RCR 
942 |c BK